[Event "EU-chT Seniors 50"]
[Site "Walbrzych"]
[Date "2018.04.17"]
[Round "4.3"]
[White "Strzelecki, Jerzy"]
[Black "Salonen, Jyrki"]
[Result "1-0"]
[WhiteElo "2038"]
[BlackElo "2159"]
[PlyCount "83"]
[EventDate "2018.04.14"]
[EventType "team-swiss"]
[EventRounds "9"]
[EventCountry "POL"]
[SourceTitle "CBM 184 Extra"]
[Source "ChessBase"]
[SourceDate "2018.06.28"]
[SourceVersion "1"]
[SourceVersionDate "2018.06.28"]
[SourceQuality "1"]
[WhiteTeam "Poland Wschowa 50"]
[BlackTeam "Finland Culture Chess 50"]
[WhiteTeamCountry "POL"]
[BlackTeamCountry "FIN"]

1. Nf3 d6 2. c4 e5 3. Nc3 g6 4. g3 Bg7 5. Bg2 c5 6. 0-0 Nc6 7. Ne1 Be6 8. d3 Nge7 9. Nd5 0-0 10. Nc2 Qd7 11. Bd2 Bh3 12. e4 Bxg2 13. Kxg2 Nxd5 14. cxd5 Nd4 15. Nxd4 exd4 16. a4 b6 17. b3 f5 18. f3 Rf7 19. Qe2 Re8 20. Rae1 a6 21. Qd1 b5 22. Qc2 fxe4 23. fxe4 Rxf1 24. Rxf1 h5 25. h3 Be5 26. Bf4 Qe7 27. Qe2 Kg7 28. axb5 axb5 29. Qf3 Kg8 30. Bxe5 dxe5 31. Qf6 Qg7 32. Qc6 Rf8 33. Rxf8+ Kxf8 34. Qxc5+ Qe7 35. d6 Qg5 36. d7+ Kg7 37. h4 Qd2+ 38. Kh3 Qd1 39. Qxe5+ Kh7 40. Qe7+ Kh6 41. Qf8+ Kh7 42. Kg2 1-0

[Event "EU-chT Seniors 50"]
[Site "Walbrzych"]
[Date "2018.04.16"]
[Round "3.4"]
[White "Bruno, Fabio"]
[Black "Salonen, Jyrki"]
[Result "1-0"]
[WhiteElo "2439"]
[BlackElo "2159"]
[PlyCount "95"]
[EventDate "2018.04.14"]
[EventType "team-swiss"]
[EventRounds "9"]
[EventCountry "POL"]
[SourceTitle "CBM 184 Extra"]
[Source "ChessBase"]
[SourceDate "2018.06.28"]
[SourceVersion "1"]
[SourceVersionDate "2018.06.28"]
[SourceQuality "1"]
[WhiteTeam "Italy 50"]
[BlackTeam "Finland Culture Chess 50"]
[WhiteTeamCountry "ITA"]
[BlackTeamCountry "FIN"]

1. d4 d6 2. Nf3 g6 3. c4 Bg7 4. g3 Nd7 5. Bg2 e5 6. Nc3 Ne7 7. 0-0 0-0 8. e3 exd4 9. exd4 d5 10. cxd5 Nb6 11. Bg5 f6 12. d6 Qxd6 13. Bf4 Qd8 14. Qb3+ Kh8 15. Rfe1 Ned5 16. Bd2 c6 17. a4 a5 18. Ne4 Bd7 19. Nc5 Qc7 20. Rac1 Rfe8 21. h4 h5 22. Bf1 Rxe1 23. Rxe1 Be8 24. Bxa5 Bf7 25. Bd2 Rb8 26. a5 Nc8 27. Ne6 Qd7 28. Bh3 Nd6 29. Neg5 Qd8 30. Nxf7+ Nxf7 31. Be6 Kg8 32. Qd3 Ne7 33. Bb4 Nf5 34. Qe4 Bf8 35. Bxf8 Kxf8 36. d5 cxd5 37. Qxd5 Qxd5 38. Bxd5 N7d6 39. Re6 Kg7 40. Nd4 Nxd4 41. Rxd6 g5 42. hxg5 fxg5 43. Rb6 Rc8 44. Rxb7+ Kh6 45. a6 Rc1+ 46. Kg2 g4 47. a7 Ra1 48. Rb6+ 1-0

[Event "FIN-chT 1718"]
[Site "Finland"]
[Date "2018.03.10"]
[Round "10.6"]
[White "Salonen, Jyrki"]
[Black "Sorsa, Nuutti"]
[Result "1/2-1/2"]
[WhiteElo "2173"]
[BlackElo "2206"]
[PlyCount "47"]
[EventDate "2017.09.16"]
[EventType "team-tourn"]
[EventRounds "11"]
[EventCountry "FIN"]
[SourceTitle "EXT 2019"]
[Source "ChessBase"]
[SourceDate "2018.10.10"]
[SourceVersion "1"]
[SourceVersionDate "2018.10.10"]
[SourceQuality "1"]
[WhiteTeam "Helsinki KS 58"]
[BlackTeam "Turku TuTS"]
[WhiteTeamCountry "FIN"]
[BlackTeamCountry "FIN"]

1. c4 Nf6 2. Nc3 d6 3. d4 Bf5 4. f3 e5 5. dxe5 dxe5 6. Qxd8+ Kxd8 7. e4 Be6 8. Be3 c6 9. 0-0-0+ Kc8 10. g3 Nfd7 11. b3 Ba3+ 12. Kb1 Na6 13. Bh3 Nc7 14. Bxe6 Nxe6 15. Nge2 Kc7 16. h4 h5 17. Kc2 a6 18. Nb1 Be7 19. Kb2 g6 20. Nbc3 b5 21. cxb5 axb5 22. Rd2 Ba3+ 23. Kb1 Rhd8 24. Rhd1 1/2-1/2

[Event "FIN-chT 1718"]
[Site "Finland"]
[Date "2017.10.21"]
[Round "3.7"]
[White "Salonen, Jyrki"]
[Black "Lammi, Jyri"]
[Result "0-1"]
[WhiteElo "2173"]
[BlackElo "2070"]
[PlyCount "98"]
[EventDate "2017.09.16"]
[EventType "team-tourn"]
[EventRounds "11"]
[EventCountry "FIN"]
[SourceTitle "EXT 2019"]
[Source "ChessBase"]
[SourceDate "2018.10.10"]
[SourceVersion "1"]
[SourceVersionDate "2018.10.10"]
[SourceQuality "1"]
[WhiteTeam "Helsinki KS 58"]
[BlackTeam "Helsinki Aatos"]
[WhiteTeamCountry "FIN"]
[BlackTeamCountry "FIN"]

1. e4 e5 2. Bc4 Nf6 3. d3 Bc5 4. Nf3 Nc6 5. c3 d6 6. 0-0 0-0 7. a4 a5 8. h3 Qe7 9. Na3 Bxa3 10. Rxa3 Be6 11. Qb3 Bxc4 12. Qxc4 Nd8 13. Re1 c6 14. Bg5 Ne6 15. Bxf6 Qxf6 16. Rb3 Rab8 17. d4 Nf4 18. Re3 Qg6 19. Ne1 Qe6 20. Qxe6 Nxe6 21. Nf3 f6 22. Rb6 Kf7 23. Rd3 Ke7 24. Rd1 Rfd8 25. b4 axb4 26. cxb4 d5 27. dxe5 dxe4 28. exf6+ Kxf6 29. Rxd8 Rxd8 30. Nh2 Rd1+ 31. Nf1 Nf4 32. g3 Nd5 33. Rxb7 e3 34. fxe3 Nxe3 35. Kf2 Nxf1 36. Rb6 Rc1 37. b5 Nd2 38. a5 Ke5 39. Rxc6 Rxc6 40. bxc6 Ne4+ 41. Kf3 Nd6 42. c7 Nc8 43. Kg4 h6 44. Kh5 Kf5 45. g4+ Kf6 46. h4 Na7 47. a6 Nc8 48. g5+ hxg5 49. hxg5+ Kf5 0-1

[Event "FIN-chT 1718"]
[Site "Finland"]
[Date "2017.09.16"]
[Round "1.8"]
[White "Nieminen, Samuli"]
[Black "Salonen, Jyrki"]
[Result "1/2-1/2"]
[WhiteElo "2169"]
[BlackElo "2173"]
[PlyCount "103"]
[EventDate "2017.09.16"]
[EventType "team-tourn"]
[EventRounds "11"]
[EventCountry "FIN"]
[SourceTitle "CBM 180 Extra"]
[Source "ChessBase"]
[SourceDate "2017.10.06"]
[SourceVersion "1"]
[SourceVersionDate "2017.10.06"]
[SourceQuality "1"]
[WhiteTeam "Tampere Tammer"]
[BlackTeam "Helsinki KS 58"]
[WhiteTeamCountry "FIN"]
[BlackTeamCountry "FIN"]

1. d4 Nf6 2. c4 d6 3. Nf3 Nbd7 4. Nc3 e5 5. e4 Be7 6. Be2 0-0 7. 0-0 c6 8. Be3 a6 9. d5 cxd5 10. cxd5 b5 11. Nd2 Nb6 12. a4 b4 13. a5 bxc3 14. Bxb6 cxb2 15. Bxd8 bxa1Q 16. Qxa1 Rxd8 17. f3 Nd7 18. Nc4 Nc5 19. Rb1 Bd7 20. Nb6 Ra7 21. Rb4 Rb7 22. Qf1 Be8 23. g3 Rdb8 24. Bxa6 Ra7 25. Bb5 Rxa5 26. Bxe8 Rxe8 27. Nc4 Raa8 28. Rb6 Red8 29. Rb5 Ra7 30. Na5 Rda8 31. Nc6 Rc7 32. Qb1 Bf8 33. Rb8 Rxb8 34. Qxb8 Rb7 35. Qe8 h5 36. Kg2 g6 37. Kh3 Kg7 38. g4 hxg4+ 39. Kxg4 Nd7 40. Qc8 Nf6+ 41. Kh3 Rb3 42. Kg2 Nh5 43. Qd7 Nf4+ 44. Kf2 Rb2+ 45. Ke1 Nd3+ 46. Kf1 Rf2+ 47. Kg1 Rxf3 48. Nd8 Kg8 49. Qe8 Nc5 50. h4 Rf6 51. Nc6 Nxe4 52. Kg2 1/2-1/2

[Event "FIN-chT 1617"]
[Site "Finland"]
[Date "2017.03.11"]
[Round "10.7"]
[White "Hynninen, Juha"]
[Black "Salonen, Jyrki"]
[Result "1-0"]
[WhiteElo "2226"]
[BlackElo "2225"]
[PlyCount "109"]
[EventDate "2016.09.17"]
[EventType "team-tourn"]
[EventRounds "11"]
[EventCountry "FIN"]
[SourceTitle "EXT 2018"]
[Source "ChessBase"]
[SourceDate "2017.10.13"]
[SourceVersion "1"]
[SourceVersionDate "2017.10.13"]
[SourceQuality "1"]
[WhiteTeam "Salo SalSK"]
[BlackTeam "Helsinki KS 58"]
[WhiteTeamCountry "FIN"]
[BlackTeamCountry "FIN"]

1. d4 g6 2. c4 d6 3. Nc3 e5 4. Nf3 Bg7 5. e4 Nd7 6. Be3 Ngf6 7. h3 exd4 8. Nxd4 0-0 9. g4 Re8 10. Bg2 Nc5 11. f3 c6 12. Nde2 Be6 13. b3 Qe7 14. 0-0 Rad8 15. Qc2 Rc8 16. Qd2 Rcd8 17. Bg5 Qf8 18. Rad1 Bc8 19. Ng3 Ne6 20. Be3 b6 21. Rfe1 Nc5 22. Bf2 Qe7 23. Nf1 h6 24. Bg3 Nb7 25. Ne3 Kh7 26. Nc2 Bd7 27. Nd4 Rf8 28. Qc2 Ne8 29. f4 Kh8 30. Kh2 Nc7 31. e5 dxe5 32. fxe5 Na5 33. Nf3 Be6 34. Ne4 Rxd1 35. Rxd1 Rd8 36. Rxd8+ Qxd8 37. Nd6 c5 38. Qe4 Kg8 39. h4 Bd7 40. g5 Bc6 41. Qf4 Qe7 42. gxh6 Bh8 43. Ng5 Bxg2 44. Kxg2 Ne6 45. Qxf7+ Qxf7 46. Ndxf7 Nxg5 47. Nxg5 Nc6 48. e6 Bf6 49. Bd6 Be7 50. Bxe7 Nxe7 51. Kf3 Nf5 52. h7+ Kg7 53. Ke4 Nxh4 54. e7 Nf5 55. h8Q+ 1-0

[Event "FIN-chT 1617"]
[Site "Finland"]
[Date "2017.02.05"]
[Round "8.6"]
[White "Salonen, Jyrki"]
[Black "Linnanen, Lassi"]
[Result "1/2-1/2"]
[WhiteElo "2225"]
[BlackElo "2159"]
[PlyCount "101"]
[EventDate "2016.09.17"]
[EventType "team-tourn"]
[EventRounds "11"]
[EventCountry "FIN"]
[SourceTitle "EXT 2022"]
[Source "ChessBase"]
[SourceDate "2021.10.06"]
[SourceVersion "1"]
[SourceVersionDate "2021.10.06"]
[SourceQuality "1"]
[WhiteTeam "Helsinki KS 58"]
[BlackTeam "Helsinki Aatos"]
[WhiteTeamCountry "FIN"]
[BlackTeamCountry "FIN"]

1. e4 d6 2. d4 g6 3. Nc3 Bg7 4. h3 a6 5. a4 Nd7 6. g4 b6 7. Bg2 Bb7 8. Nge2 c5 9. Be3 e6 10. 0-0 Qc7 11. Qd2 Ne7 12. Rad1 0-0-0 13. dxc5 dxc5 14. Qd6 Nc6 15. Qxc7+ Kxc7 16. g5 Nde5 17. f4 Nc4 18. Bc1 Nb4 19. b3 Na5 20. Bb2 Kb8 21. Rc1 Rd2 22. Nb1 Bxb2 23. Nxd2 Bxc1 24. Rxc1 Rd8 25. Nf1 c4 26. bxc4 Nxc4 27. Kf2 Rc8 28. Rd1 Nxc2 29. Rd7 Rc7 30. Rd8+ Rc8 31. Rd7 Rc7 32. Rd8+ Ka7 33. Rh8 Nb2 34. Rxh7 Nd3+ 35. Kg3 Nce1 36. Bh1 Nc5 37. Nc3 Rd7 38. Kh2 Ned3 39. Kg3 Bc6 40. Ne3 Nb2 41. h4 b5 42. axb5 axb5 43. h5 gxh5 44. Nxb5+ Bxb5 45. f5 exf5 46. exf5 Nc4 47. Nxc4 Bxc4 48. g6 fxg6 49. fxg6 Bg8 50. Rxd7+ Nxd7 51. Kh4 1/2-1/2

[Event "FIN-chT 1617"]
[Site "Finland"]
[Date "2016.12.10"]
[Round "5.6"]
[White "Salonen, Jyrki"]
[Black "Laine, Panu"]
[Result "1/2-1/2"]
[WhiteElo "2225"]
[BlackElo "2151"]
[PlyCount "122"]
[EventDate "2016.09.17"]
[EventType "team-tourn"]
[EventRounds "11"]
[EventCountry "FIN"]
[SourceTitle "EXT 2018"]
[Source "ChessBase"]
[SourceDate "2017.10.13"]
[SourceVersion "1"]
[SourceVersionDate "2017.10.13"]
[SourceQuality "1"]
[WhiteTeam "Helsinki KS 58"]
[BlackTeam "Espoo MatSK"]
[WhiteTeamCountry "FIN"]
[BlackTeamCountry "FIN"]

1. e4 e6 2. d4 d5 3. Nc3 Nf6 4. e5 Nfd7 5. f4 c5 6. Nf3 Nc6 7. Ne2 Be7 8. c3 a5 9. dxc5 Nxc5 10. Ned4 0-0 11. Be3 Bd7 12. a4 f6 13. exf6 Rxf6 14. Be2 Qe8 15. Nb5 Rc8 16. 0-0 Kh8 17. g3 Qf8 18. Nbd4 Be8 19. Nxc6 bxc6 20. Bd4 Rh6 21. Ne5 Rb8 22. Ng4 Rg6 23. Rb1 Ne4 24. Bd3 c5 25. Be5 Rd8 26. Bc7 Rc8 27. Bxa5 Ra8 28. Bc7 Bxa4 29. Qe2 Bc6 30. Bxe4 dxe4 31. Ne5 Qe8 32. Nxg6+ Qxg6 33. Rfd1 e3 34. Qxe3 c4 35. Be5 h5 36. Ra1 Re8 37. Rd2 Qf5 38. Rad1 Qh3 39. Qf2 Kh7 40. Bd6 Bf6 41. Qc5 Bd5 42. Qe3 Ra8 43. Be5 Kg6 44. Rf1 Qf5 45. Bxf6 gxf6 46. h4 Ra2 47. Kh2 Kh6 48. Rg1 Ra8 49. Qe2 Ra5 50. Rd4 Ra2 51. Rdd1 Ra8 52. Ra1 Rxa1 53. Rxa1 Kg6 54. Rg1 Kh6 55. Ra1 Kg6 56. Ra4 Qb1 57. g4 Qh1+ 58. Kg3 Qg1+ 59. Kh3 Qh1+ 60. Kg3 Qg1+ 61. Kh3 Qh1+ 1/2-1/2

[Event "FIN-chT1A 0304"]
[Site "Finland"]
[Date "2003.09.??"]
[Round "1.1"]
[White "Salonen, Jyrki"]
[Black "Tusa, Tuukka"]
[Result "0-1"]
[WhiteElo "2244"]
[BlackElo "2150"]
[PlyCount "112"]
[EventDate "2003.09.??"]
[EventType "team-tourn"]
[EventRounds "7"]
[EventCountry "FIN"]
[SourceTitle "EXT 2022"]
[Source "ChessBase"]
[SourceDate "2021.10.06"]
[SourceVersion "1"]
[SourceVersionDate "2021.10.06"]
[SourceQuality "1"]
[WhiteTeam "Helsinki KS 58"]
[BlackTeam "Helsinki X"]
[WhiteTeamCountry "FIN"]
[BlackTeamCountry "FIN"]

1. e4 c5 2. g3 d5 3. d3 Nc6 4. Bg2 e6 5. Nd2 g6 6. Ngf3 Bg7 7. 0-0 Nge7 8. Re1 0-0 9. e5 Qc7 10. Qe2 g5 11. Nxg5 Qxe5 12. Qxe5 Nxe5 13. Nf1 Nf5 14. Ne3 Nd4 15. f4 Nec6 16. c3 Nb5 17. Nc2 Bd7 18. Bd2 Nd6 19. Be3 b6 20. Bf2 Rac8 21. Rad1 a5 22. Nf3 Nb8 23. Ne5 Bb5 24. b3 Rfd8 25. c4 dxc4 26. dxc4 Be8 27. Rd2 Nc6 28. Nxc6 Bxc6 29. Red1 Bxg2 30. Kxg2 Nb7 31. g4 Bf6 32. Bg3 Kf8 33. f5 exf5 34. gxf5 Rxd2+ 35. Rxd2 a4 36. Rd3 axb3 37. axb3 Rd8 38. Rxd8+ Bxd8 39. Be5 Na5 40. Na1 Nc6 41. Bd6+ Ke8 42. Kf3 Kd7 43. Bf8 Bf6 44. Nc2 Na5 45. b4 cxb4 46. Nxb4 Nxc4 47. Nd5 Bd8 48. Kg4 Nd6 49. Bg7 Kc6 50. Nf6 Bxf6 51. Bxf6 Kd5 52. Be7 b5 53. Kg5 b4 54. Kf4 b3 55. Bf6 Nc4 56. Kg5 Ne5 0-1

[Event "FIN-chT1A 0203"]
[Site "Finland"]
[Date "2003.??.??"]
[Round "7.2"]
[White "Kauppinen, Martti"]
[Black "Salonen, Jyrki"]
[Result "1-0"]
[WhiteElo "2216"]
[BlackElo "2252"]
[PlyCount "77"]
[EventDate "2002.10.??"]
[EventType "team-tourn"]
[EventRounds "11"]
[EventCountry "FIN"]
[SourceTitle "EXT 2022"]
[Source "ChessBase"]
[SourceDate "2021.10.06"]
[SourceVersion "1"]
[SourceVersionDate "2021.10.06"]
[SourceQuality "1"]
[WhiteTeam "Espoo MatSK II"]
[BlackTeam "Helsinki KS 58"]
[WhiteTeamCountry "FIN"]
[BlackTeamCountry "FIN"]

1. c4 g6 2. g3 Bg7 3. Bg2 c5 4. Nc3 Nc6 5. Nf3 e5 6. 0-0 Nge7 7. d3 d6 8. a3 0-0 9. Rb1 a5 10. Bd2 f5 11. Nd5 Nxd5 12. cxd5 Ne7 13. Bg5 h6 14. Bxe7 Qxe7 15. a4 Bd7 16. Nd2 b5 17. axb5 Bxb5 18. Qc2 h5 19. Ra1 Rfb8 20. Ra3 h4 21. b3 hxg3 22. hxg3 Bf6 23. Qa2 Qc7 24. Rc1 Bd8 25. b4 Kg7 26. bxc5 dxc5 27. Rac3 Be7 28. Nb3 Rc8 29. d6 Bxd6 30. Bxa8 Rxa8 31. Nxc5 Qe7 32. Ne6+ Kf6 33. Nc7 Bxc7 34. Rxc7 Qe6 35. Qb2 Be8 36. f4 g5 37. Qb7 Ra6 38. Rh7 Bf7 39. Rxf7+ 1-0

[Event "FIN-chT1A 9899"]
[Site "Finland"]
[Date "1999.??.??"]
[Round "5.1"]
[White "Salonen, Jyrki"]
[Black "Pietinen, Pekka"]
[Result "1-0"]
[WhiteElo "2265"]
[BlackElo "2075"]
[PlyCount "101"]
[EventDate "1998.??.??"]
[EventType "team-tourn"]
[EventRounds "9"]
[EventCountry "FIN"]
[SourceTitle "EXT 2022"]
[Source "ChessBase"]
[SourceDate "2021.10.06"]
[SourceVersion "1"]
[SourceVersionDate "2021.10.06"]
[SourceQuality "1"]
[WhiteTeam "Helsinki KS 58"]
[BlackTeam "Helsinki I-HSK II"]
[WhiteTeamCountry "FIN"]
[BlackTeamCountry "FIN"]

1. e4 e5 2. Bc4 Nc6 3. d3 Be7 4. f4 exf4 5. Bxf4 Bh4+ 6. g3 Bf6 7. Qh5 d5 8. exd5 Nd4 9. d6 g6 10. Qd1 cxd6 11. Nc3 Be6 12. Bxe6 Nxe6 13. Nge2 d5 14. d4 Ne7 15. Qd3 a6 16. 0-0 Qb6 17. Be3 Bg7 18. Nd1 Qc6 19. c3 0-0 20. Nf2 b5 21. Qd2 Nf5 22. Nd3 Nxe3 23. Qxe3 Rae8 24. Qd2 Qd6 25. Kg2 Re7 26. Ng1 Rfe8 27. Rae1 Nc7 28. Nf3 Rxe1 29. Rxe1 Rxe1 30. Qxe1 h6 31. Qe3 a5 32. a3 Kf8 33. Nfe5 Qe7 34. Qf4 Kg8 35. Qg4 Ne6 36. Qf3 Nc7 37. Nc6 Qg5 38. Qf4 Qxf4 39. Nxf4 g5 40. Ne7+ Kf8 41. Nfxd5 b4 42. axb4 axb4 43. Nxc7 bxc3 44. bxc3 Kxe7 45. g4 Bf8 46. Nd5+ Ke6 47. Ne3 h5 48. h3 hxg4 49. hxg4 Ba3 50. Kf3 Bb2 51. Nd1 1-0

[Event "Tampere We Taraus op"]
[Site "Tampere"]
[Date "1998.??.??"]
[Round "3"]
[White "Salonen, Jyrki"]
[Black "Heinimaki, Leo"]
[Result "1-0"]
[WhiteElo "2265"]
[BlackElo "2080"]
[PlyCount "43"]
[EventDate "1998.??.??"]
[EventType "swiss"]
[EventRounds "5"]
[EventCountry "FIN"]
[SourceTitle "EXT 2001"]
[Source "ChessBase"]
[SourceDate "2000.11.22"]
[SourceVersion "1"]
[SourceVersionDate "2000.11.22"]
[SourceQuality "1"]

1. e4 c6 2. d3 d5 3. Nd2 e5 4. Ngf3 Nd7 5. g3 Ngf6 6. Bg2 dxe4 7. dxe4 Bc5 8. 0-0 0-0 9. Nh4 b5 10. c3 Bb6 11. Nb3 Qc7 12. h3 a5 13. Qf3 a4 14. Nd2 c5 15. Re1 Bb7 16. Nf1 Rfe8 17. Nf5 c4 18. Nh2 Nc5 19. Nxg7 Ncxe4 20. Rxe4 Nxe4 21. Nxe8 Rxe8 22. Qg4+ 1-0

[Event "FIN-chT"]
[Site "Finland"]
[Date "1995.??.??"]
[Round "?"]
[White "Salonen, Jyrki"]
[Black "Kanko, Ilkka"]
[Result "1/2-1/2"]
[WhiteElo "2255"]
[BlackElo "2345"]
[PlyCount "121"]
[EventDate "1995.??.??"]
[EventType "team"]
[EventRounds "6"]
[EventCountry "FIN"]
[SourceTitle "EXT 1998"]
[Source "ChessBase"]
[SourceDate "1997.11.17"]
[SourceVersion "1"]
[SourceVersionDate "1997.11.17"]
[SourceQuality "1"]

1. e4 c5 2. Nf3 e6 3. d3 Nc6 4. g3 g6 5. Bg2 Bg7 6. 0-0 Nge7 7. c3 d5 8. Nbd2 b6 9. Re1 a5 10. a4 Ba6 11. Bf1 0-0 12. Qb3 Qc7 13. Nb1 Rad8 14. Na3 d4 15. Nc4 Nc8 16. Bf4 e5 17. Bg5 Rde8 18. Rad1 h6 19. Bc1 Kh7 20. Bh3 f5 21. exf5 gxf5 22. Nh4 Bxc4 23. Qxc4 Nd6 24. Qd5 Rf6 25. f4 Ne7 26. Qxe5 Ng6 27. Qd5 Rxe1+ 28. Rxe1 Nxh4 29. gxh4 dxc3 30. bxc3 Rg6+ 31. Kh1 Bxc3 32. h5 Rf6 33. Re6 Rxe6 34. Qxe6 Qc6+ 35. Bg2 Qe8 36. Qxe8 Nxe8 37. Kg1 Kg7 38. Kf2 Kf6 39. Ke2 Nc7 40. Kd1 Bd4 41. Kc2 Ke6 42. Kb3 Nd5 43. Kc4 Nc3 44. Bc6 Kd6 45. Be8 Ne2 46. Bd2 Bg1 47. Bg6 Ke6 48. Kb5 Nd4+ 49. Kxb6 Nb3 50. Bxa5 c4+ 51. Kb5 Nxa5 52. dxc4 Nb3 53. a5 Nd4+ 54. Kb6 Ne2+ 55. c5 Nxf4 56. a6 Nd3 57. Kb5 Bxc5 58. Kc4 Nb4 59. a7 Bxa7 60. Kxb4 Ke5 61. Kc3 1/2-1/2

[Event "FIN-chT"]
[Site "Finland"]
[Date "1994.??.??"]
[Round "6"]
[White "Pyhala, Antti"]
[Black "Salonen, Jyrki"]
[Result "1-0"]
[WhiteElo "2350"]
[BlackElo "2255"]
[PlyCount "115"]
[EventDate "1994.??.??"]
[EventType "team"]
[EventRounds "11"]
[EventCountry "FIN"]
[SourceTitle "EXT 1998"]
[Source "ChessBase"]
[SourceDate "1997.11.17"]
[SourceVersion "1"]
[SourceVersionDate "1997.11.17"]
[SourceQuality "1"]

1. f4 g6 2. Nf3 d5 3. g3 Bg7 4. Bg2 Nh6 5. 0-0 0-0 6. d3 c6 7. e3 Bg4 8. h3 Bxf3 9. Qxf3 Nd7 10. Nc3 e5 11. e4 dxe4 12. dxe4 f5 13. Kh2 exf4 14. gxf4 fxe4 15. Nxe4 Nf5 16. Qb3+ Kh8 17. Qxb7 Nd4 18. c3 Rb8 19. Qxa7 Ra8 20. Qb7 Rb8 21. Qa6 Ra8 22. Qd3 Nb3 23. Rb1 Rxa2 24. Rd1 Nxc1 25. Rbxc1 Qh4 26. Qg3 Qe7 27. Rc2 Nb6 28. Qg5 Qc7 29. Nd6 Nd5 30. Nb5 Qxf4+ 31. Qxf4 Nxf4 32. Bxc6 Be5 33. Kh1 Nxh3 34. Re1 Bb8 35. Na3 Bd6 36. Bd5 Rxa3 37. bxa3 Nf2+ 38. Kg2 Nd3 39. Rd1 Nf4+ 40. Kh1 Bxa3 41. c4 Bc5 42. Rb1 Nd3 43. Ra2 Kg7 44. Rb7+ Kh6 45. Rd2 Rf1+ 46. Kg2 Rg1+ 47. Kf3 Ne5+ 48. Kf4 Ng4 49. Rg2 Rxg2 50. Bxg2 Ne3 51. Bd5 g5+ 52. Kg3 g4 53. Kf4 Kg6 54. Be4+ Kf6 55. Rb5 Ba7 56. c5 h5 57. Kxe3 Ke5 58. Ra5 1-0

[Event "FIN-chT"]
[Site "Finland"]
[Date "1994.??.??"]
[Round "?"]
[White "Raisa, Unto"]
[Black "Salonen, Jyrki"]
[Result "0-1"]
[WhiteElo "2255"]
[BlackElo "2255"]
[PlyCount "98"]
[EventDate "1994.??.??"]
[EventType "team"]
[EventRounds "11"]
[EventCountry "FIN"]
[SourceTitle "EXT 1998"]
[Source "ChessBase"]
[SourceDate "1997.11.17"]
[SourceVersion "1"]
[SourceVersionDate "1997.11.17"]
[SourceQuality "1"]

1. e4 c5 2. Nf3 Nc6 3. c3 Nf6 4. e5 Nd5 5. d4 cxd4 6. cxd4 d6 7. a3 Bg4 8. Be2 dxe5 9. dxe5 e6 10. 0-0 Bc5 11. Qa4 Bxf3 12. Bxf3 0-0 13. Qe4 Bd4 14. Nc3 Nxc3 15. bxc3 Bxe5 16. Rb1 Qc7 17. g3 Rac8 18. c4 b6 19. Be3 Bd6 20. Be2 Ne5 21. Bf4 Nd7 22. Bg5 Nc5 23. Qc2 Be7 24. Be3 Bf6 25. Rb5 Be7 26. Rfb1 Rfd8 27. Kg2 Rd7 28. a4 Rcd8 29. Bf3 g6 30. h4 h5 31. g4 hxg4 32. Bxg4 Kg7 33. h5 gxh5 34. Bxh5 Rg8 35. Rh1 Qc6+ 36. f3 Kf8+ 37. Kf1 Nd3 38. a5 Bc5 39. Bxc5+ Nxc5 40. axb6 axb6 41. Rh2 Rg5 42. Qh7 Qd6 43. Qh6+ Rg7 44. f4 Qd3+ 45. Be2 Qg3 46. Qh8+ Rg8 47. Qh6+ Ke8 48. Rh1 Ne4 49. Qh2 Nd2# 0-1